Logística de almacenaje para el Centro de Almacenamiento y Distribución de Holtermann & Compañía
Wedi'i Gadw mewn:
| Prif Awdur: | |
|---|---|
| Awduron Eraill: | , |
| Fformat: | Llyfr |
| Cyhoeddwyd: |
[San José, Costa Rica]
2004
|
| Pynciau: | |
| Tagiau: |
Ychwanegu Tag
Dim Tagiau, Byddwch y cyntaf i dagio'r cofnod hwn!
|
MARC
| LEADER | 00000nam a2200000Ia 4500 | ||
|---|---|---|---|
| 003 | 010496 | ||
| 005 | 20221231144040.0 | ||
| 008 | 140114s2004 cr a 000 ||s d | ||
| 040 | |c cru CEDI | ||
| 090 | |a TFG 6080 | ||
| 100 | |a Jenkins Hernández, Alexander |9 3258 | ||
| 245 | |a Logística de almacenaje para el Centro de Almacenamiento y Distribución de Holtermann & Compañía | ||
| 260 | |c 2004 |b [San José, Costa Rica] | ||
| 500 | |a Tesis (licenciatura en ingeniería industrial)--Universidad de Costa Rica. Facultad de Ingeniería. Escuela de Ingeniería Industrial | ||
| 650 | |x HOLTERMANN & COMPAÑIA (SAN JOSE, COSTA RICA) |x ALMACENAMIENTO |x DISTRIBUCION |x DISEÑO |x PLANIFICACION ESTRATEGICA |x PLANIFICACION EMPRESARIAL |x LOGISTICA EN LOS NEGOCIOS |9 3262 | ||
| 700 | |9 3259 |a Salazar Castro, Guido Alfonso | ||
| 700 | |9 3260 |a Sibaja Guido, Álvaro Gustavo | ||
| 942 | |c TFG | ||
| 999 | |c 16135 |d 16135 | ||
